| 000 | 00766nam a2200181 a 4500 | ||
|---|---|---|---|
| 001 | 000041997 | ||
| 005 | 20201002035856.0 | ||
| 008 | 131029s1989 sp 000 0 spa d | ||
| 020 | _a8400069501 | ||
| 040 |
_aDO-SdBNP _bspa _cBNPHU |
||
| 100 | 1 |
_aGarcía Arenal, Mercedes _967530 |
|
| 245 | 1 | 0 |
_aRepertorio Bibliográfico de las Relaciones entre la Península Ibérica y el Norte de África. : _b(siglos XV-XVI), fuentes y bibliografía / _cMercedes García Arenal, Miguel Ángel de Bunes, Victoria Aguilar. |
| 260 |
_aMadrid, : _bConsejo Superior de Investigaciones Científicas _bInstituto de Filología, _c1989. |
||
| 300 |
_a303 p. ; _c24 cm. |
||
| 504 | _aBibliografía p: 75-84 | ||
| 700 | 1 |
_aBunes, Miguel Ángel de _968938 |
|
| 700 | 1 |
_aAguilar, Victoria _968939 |
|
| 999 |
_c41486 _d41486 |
||